| 000 | 00761nam a22001577a 4500 | ||
|---|---|---|---|
| 003 | OSt | ||
| 005 | 20151120140315.0 | ||
| 008 | 151120b xxu||||| |||| 00| 0 eng d | ||
| 040 | _cRUA | ||
| 082 | _aFIS ប៊ុន 1995 B159 Or.1 | ||
| 100 |
_93955 _aប៊ុន សុភ័ក្រ្ត |
||
| 245 | _aEvaluation of the socio-Economic impact of small scale aquaculture in romeas hek district, ការវាយតំលៃទៅលើសង្គម-សេដ្ឋកិច្ចដែលជះឥទ្ធិពលនៃវារីវប្បកម្មជាលក្ខណះគ្រួសារ នៅក្នុងស្រុករមាសហែក, | ||
| 260 |
_aPhnom Penh _bRUA _c1995 |
||
| 300 |
_a112p. _bill. _c29cm. |
||
| 942 |
_2ddc _cFIS |
||
| 999 |
_c3676 _d3676 |
||